[Event "Steinfurt Bezirksklasse 1213"]
[Site "Germany"]
[Date "2013.03.09"]
[Round "6.3"]
[White "Hanhart, Daniel"]
[Black "Schneider, Richard2222"]
[Result "1/2-1/2"]
[WhiteElo "898"]
[BlackElo "1568"]
[PlyCount "31"]
[EventDate "2012.09.29"]
[EventType "team-tourn"]
[EventRounds "9"]
[EventCountry "GER"]
[SourceTitle "EXT 2015"]
[Source "ChessBase"]
[SourceDate "2014.11.20"]
[SourceVersion "1"]
[SourceVersionDate "2014.11.20"]
[SourceQuality "1"]
[WhiteTeam "Emsdetten Turm IV"]
[BlackTeam "Emsdetten Rochade III"]
[WhiteTeamCountry "GER"]
[BlackTeamCountry "GER"]

1. e4 c5 2. Nf3 Nc6 3. d4 cxd4 4. Nxd4 d6 5. f3 Bd7 6. Nc3 g6 7. Bc4 Bg7 8. Be3 a6 9. Bb3 Nf6 10. 0-0 0-0 11. Kh1 Rc8 12. a3 Qc7 13. Rb1 Na5 14. Rf2 Nc4 15. Bxc4 Qxc4 16. g4 1/2-1/2

[Event "Steinfurt Bezirksklasse 1112"]
[Site "Germany"]
[Date "2011.12.17"]
[Round "4.7"]
[White "Hanhart, Daniel"]
[Black "Krause, Leon"]
[Result "0-1"]
[WhiteElo "912"]
[BlackElo "1004"]
[PlyCount "38"]
[EventDate "2011.09.24"]
[EventType "team-tourn"]
[EventRounds "9"]
[EventCountry "GER"]
[SourceTitle "EXT 2013"]
[Source "ChessBase"]
[SourceDate "2012.11.22"]
[SourceVersion "1"]
[SourceVersionDate "2012.11.22"]
[SourceQuality "1"]
[WhiteTeam "Emsdetten Turm IV"]
[BlackTeam "Westerkappeln II"]
[WhiteTeamCountry "GER"]
[BlackTeamCountry "GER"]

1. e4 d6 2. Nf3 Nf6 3. Nc3 g6 4. Bc4 Bg7 5. d3 0-0 6. Rg1 Nc6 7. h3 h5 8. Ng5 Nd4 9. Bb3 c6 10. g4 h4 11. Be3 Nxb3 12. axb3 a5 13. f4 d5 14. exd5 cxd5 15. Qe2 d4 16. Bf2 dxc3 17. bxc3 Qc7 18. c4 Qxf4 19. Ra4 Qxg5 0-1

[Event "Steinfurt Bezirksklasse 0910"]
[Site "Germany"]
[Date "2010.04.17"]
[Round "6.8"]
[White "Hanhart, Daniel"]
[Black "Bakker, David"]
[Result "1/2-1/2"]
[WhiteElo "932"]
[BlackElo "1051"]
[PlyCount "88"]
[EventDate "2009.09.26"]
[EventType "team-tourn"]
[EventRounds "7"]
[EventCountry "GER"]
[SourceTitle "EXT 2011"]
[Source "ChessBase"]
[SourceDate "2010.11.26"]
[SourceVersion "1"]
[SourceVersionDate "2010.11.26"]
[SourceQuality "1"]
[WhiteTeam "Emsdetten Turm IV"]
[BlackTeam "Steinfurt IV"]
[WhiteTeamCountry "GER"]
[BlackTeamCountry "GER"]

1. e4 e5 2. Nf3 Nc6 3. Bc4 Bc5 4. d3 d6 5. Nc3 Nf6 6. Bg5 h6 7. Bxf6 Qxf6 8. Nd5 Qd8 9. h3 Nd4 10. c3 Nxf3+ 11. gxf3 c6 12. Qa4 b5 13. Bxb5 cxb5 14. Qxb5+ Qd7 15. Nc7+ Kd8 16. Qxd7+ Kxd7 17. Nxa8 Ba6 18. b4 Bxb4 19. cxb4 Rxa8 20. Ke2 Rc8 21. Rac1 Rb8 22. a3 Bb5 23. Rhg1 g5 24. h4 f6 25. hxg5 fxg5 26. Rh1 Rh8 27. Ke3 Bc6 28. d4 exd4+ 29. Kxd4 h5 30. Ke3 Kc7 31. f4 g4 32. Rhg1 Kb6 33. e5 dxe5 34. fxe5 Re8 35. Kf4 Rg8 36. e6 Rg7 37. Rge1 h4 38. e7 Be8 39. Rc8 Rg8 40. a4 h3 41. Kg3 Rh8 42. Kxg4 Bd7+ 43. Kg3 Rxc8 44. f4 Re8 1/2-1/2